| 000 | 01461nam a22002897i 4500 | ||
|---|---|---|---|
| 999 |
_c23085 _d23085 |
||
| 003 | AR-CdUCM | ||
| 008 | 241002b20132013 pe||||| |||| 00| 0 eng d | ||
| 020 | _a978-612-4075-30-8 | ||
| 040 |
_aMUNICIPALIDAD PROVINCIAL DEL CUSCO _cBIBLIOTECA MUNICIPAL DEL CUSCO |
||
| 041 | _hspa | ||
| 082 |
_a306 / K25 _bK25 |
||
| 100 |
_aKato, Takahiro _946380 |
||
| 245 |
_aTejidos de sueños : _bImágenes y fiestas en el mundo andino / |
||
| 260 |
_bFondo Editorial del Congreso del Perú _c2013 _aLima : |
||
| 300 |
_a288 páginas. : _c24 cm. |
||
| 500 | _zBibliografía: página 288 | ||
| 505 | _aTiempo y calendario, El tabú matrimonial -- La fiesta en el proceso del cambio, Transformación de la cruz Velacuy -- El mundo misterioso del compactado, El pacto con el diablo -- Sentido sociocultural del sacaojos, Los rumores y la mentalidad popular, Estructura del sacaojos -- Breve historia del niño compadrito del Cusco, aparición del niño compadrito -- El sentido de la reconstrucción de la imagen del niño compadrito -- La revelación del sueño -- La formación del relato. | ||
| 650 |
_aPensamiento popular del tiempo _950662 |
||
| 650 |
_aCruz Velacuy _950663 |
||
| 650 |
_aTiempo de la agricultura _950664 |
||
| 650 |
_aEvolución del culto _950665 |
||
| 650 |
_aLa revelación del sueño _950666 |
||
| 650 |
_aEl sentido social del saca ojos _950667 |
||
| 650 |
_aEl tabú matrimonial _950668 |
||
| 942 |
_2ddc _cLIBROS |
||
| 945 |
_apbj _d02-10-2024 |
||